| 000 | 01038nam a22001937a 4500 | ||
|---|---|---|---|
| 003 | OSt | ||
| 005 | 20260415035152.0 | ||
| 008 | 260415b |||||||| |||| 00| 0 eng d | ||
| 040 |
_aDWC-Main lib. _cOC |
||
| 082 | _aGR. 348.044 Su959 | ||
| 110 | _aEDITORIAL STAFF OF THE CENTRAL LAWBOOK PUBLISHING CO., INC | ||
| 245 |
_aSupreme Court reports : _bannotated/ _cEDITORIAL STAFF OF THE CENTRAL LAWBOOK PUBLISHING CO., INC |
||
| 260 |
_aManila, Philippines : _bCentral Lawbook Publishing Company, Inc. |
||
| 300 |
_avarious paging : _c23 cm |
||
| 501 | _aVolume 221 to 230 | ||
| 504 | _aNotes v.221 - April 5 to May 12, 1993 v.222 - May 13 to May 31, 1993 v.223 - June 1 to June 29, 1993 v.224 - June 30 to July 30, 1993 v.225 - August 2 to 31, 1993 v.226 - September 1 to 30, 1993 v.227 - October 1 to November 17, 1993 v.228 - November 18 to December 27, 1993 v.229 - January 4 to february 9, 1994 v.230 - February 10 to March 9, 1994 | ||
| 650 | _a1. Law reports, digests, etc.--- Philippines. | ||
| 942 |
_2ddc _cGR _hGR. _n0 |
||
| 999 |
_c9440 _d9440 |
||